| 000 | 00862nam a22002417a 4500 | ||
|---|---|---|---|
| 003 | OSt | ||
| 005 | 20160429173443.0 | ||
| 008 | 160429b xxu||||| |||| 00| 0 eng d | ||
| 022 | _2978-971-550-501-7 | ||
| 040 | _cLIC | ||
| 082 |
_22006 _aDFil 959.903 _bK86 |
||
| 100 |
_96799 _aKramer, Paul A. |
||
| 245 |
_aThe blood of government: _brace, empire, the United States, & the Philippines/ _cPaul A. Kramer. |
||
| 260 |
_aQuezon City: _bAteneo De Manila University Press, _cc2006. |
||
| 300 |
_a538 pages: _billustrations; _c23 cm. |
||
| 440 |
_96800 _aEmpire, Nation, Diaspora |
||
| 500 | _aIncludes bibliographical references and index. | ||
| 650 | 0 |
_96801 _aPhilippines _xHistory _y1898-1946 |
|
| 650 | 0 |
_96802 _aUnited States _xHistory _y1865 |
|
| 650 | 0 |
_96803 _aPhilippines _xRace relations |
|
| 650 | 0 |
_96804 _aUnited States _xRace relations |
|
| 942 |
_2ddc _cDFIL |
||
| 999 |
_c2102 _d2102 |
||